Kľúčové rozhodnutia vrcholového manažmentu o informačných systémoch a informačných technológiách

Šesť kľúčových otázok, ktoré si musí dať vrcholový manažment firmy, ktorá chce získať maximum z investícií do informačných systémov a informačných technológií. Vzrastajúce náklady na IS/IT v rozpočte firiem.

Gespeichert in:
Bibliographische Detailangaben
1. Verfasser: Čarnický, Štefan
Format: Buchkapitel
Sprache:Slowakisch
Schlagworte:
Tags: Tag hinzufügen
Keine Tags, Fügen Sie das erste Tag hinzu!

MARC

LEADER 00000naa$a2200000$$$4500
001 0015099
005 20240502071400.7
041 0 |a slo 
044 |a SK 
245 1 0 |a Kľúčové rozhodnutia vrcholového manažmentu o informačných systémoch a informačných technológiách  |c Štefan Čarnický 
520 |a Šesť kľúčových otázok, ktoré si musí dať vrcholový manažment firmy, ktorá chce získať maximum z investícií do informačných systémov a informačných technológií. Vzrastajúce náklady na IS/IT v rozpočte firiem. 
610 2 0 |a systémy informačné 
610 2 0 |a technológie informačné 
610 2 0 |a firmy 
610 2 0 |a náklady a ceny 
100 1 |a Čarnický, Štefan